Predaj obchodných podielov z daňového a účtovného pohľadu

Určenie výšky obchodného podielu. Predaj obchodného podielu u fyzickej a právnickej osoby. Príklady z praxe.

Salvato in:
Dettagli Bibliografici
Autore principale: Gášpárová, Eva
Natura: Capitolo di libro
Lingua:slovacco
Soggetti:
Tags: Aggiungi Tag
Nessun Tag, puoi essere il primo ad aggiungerne!!

MARC

LEADER 00000naa a2200000 4500
001 0246573
005 20221104111120.7
041 0 |a slo 
044 |a SK 
245 1 0 |a Predaj obchodných podielov z daňového a účtovného pohľadu  |c Eva Gášpárová 
520 |a Určenie výšky obchodného podielu. Predaj obchodného podielu u fyzickej a právnickej osoby. Príklady z praxe. 
610 2 0 |a dane 
610 2 0 |a účtovníctvo 
610 2 0 |a predaj 
610 2 0 |a podiely obchodné 
610 2 0 |a osoby fyzické 
610 2 0 |a osoby právnické 
610 2 0 |a Slovensko 
100 1 |a Gášpárová, Eva